|
|
|
|
| LEADER |
01012nab#a2200325#ar4500 |
| 001 |
000009268 |
| 003 |
SVKKK |
| 005 |
20030806092651.0 |
| 008 |
030806c1998 e sloo |
| FMT |
|
|
|
| 038 |
|
|
|a SVKKK
|
| 040 |
|
|
|a SVKKK
|b slo
|e AACR2
|
| 041 |
0 |
|
|a slo
|
| 080 |
|
|
|a 616.2
|2 1981
|
| 080 |
|
|
|a 92
|2 1981
|
| 100 |
0 |
|
|a sam
|4 aut
|
| 245 |
1 |
0 |
|a Na európskej úrovni :
|b Doc. MUDr. Miloslav Hroboň, CSc. o operačnej technike stredného ucha
|c sam , , Hroboň Miloslav
|
| 260 |
|
|
|c 1998
|
| 650 |
0 |
4 |
|a chirurgia rekonštrukčná stredného ucha
|z Univerzita Pavla Jozefa Šafárika, Košice, Lekárska fakulta, Klinika otorinolaryngológie a foniatrie
|z Kovaľ, Juraj (prednosta kliniky)
|
| 650 |
0 |
4 |
|a hodnotenie
|
| 650 |
0 |
4 |
|a rozhovory
|
| 650 |
0 |
4 |
|a technika operačna
|z Košice
|
| 700 |
1 |
|
|a Hroboň, Miloslav
|4 aut
|
| 773 |
0 |
|
|t Košický večer
|g Roč. 9, č. 47(1998), dát. 0310, s. 1
|
| 957 |
|
|
|a Košice
|
| 974 |
|
|
|a Cr
|
| 992 |
|
|
|a RBX
|
| BAS |
|
|
|
| 852 |
|
|
|a SVKKK
|b BIB
|
| 998 |
|
|
|a REG
|